〈Minecraft〉生成される鉱石 - Statistics

General Stats
  • This quiz has been taken 881 times
  • The average score is 9 of 11
Answer Stats
生成範囲 鉱石 加工例 % Correct
-64~320 鉄鉱石 鉄インゴット
99%
-64~16 ダイヤモンド鉱石 ダイヤモンドブロック
99%
-64~32(*~256) 金鉱石/ネザー金鉱石 金インゴット
97%
0~320 石炭鉱石 石炭ブロック、松明
95%
-16~112 銅鉱石 銅インゴット
91%
-64~16 レッドストーン鉱石 時計、コンパス
91%
*-16~320 エメラルド鉱石 エメラルドブロック
90%
-64~64 ラピスラズリ鉱石 青色の染料
88%
8~22 古代の残骸 ネザライトインゴット
76%
(ジオード内) アメジストの塊 アメジストブロック
71%
10~117 ネザークォーツ鉱石 クォーツブロック
53%
No matching quizzes found
Score Distribution
Percent of People with Each Score
Percentile by Number Answered
Your Score History
You have not taken this quiz